ADVANCED PRACTICE NURSING AN INTEGRATIV APPROACH (Record no. 865699)

MARC details
000 -LEADER
fixed length control field 00363nam a2200145Ia 4500
008 - FIXED-LENGTH DATA ELEMENTS--GENERAL INFORMATION
fixed length control field 230901s2005 xx 000 0 und d
041 ## - LANGUAGE CODE
Language code of text/sound track or separate title eng
082 ## - DEWEY DECIMAL CLASSIFICATION NUMBER
Classification number 610.73/HAM
100 ## - MAIN ENTRY--PERSONAL NAME
Personal name HAMRIC
245 ## - TITLE STATEMENT
Title ADVANCED PRACTICE NURSING AN INTEGRATIV APPROACH
250 ## - EDITION STATEMENT
Edition statement 3er ed
260 ## - PUBLICATION, DISTRIBUTION, ETC.
Name of publisher, distributor, etc. ELSEVIER. MISSOURI
Date of publication, distribution, etc. 2005
300 ## - PHYSICAL DESCRIPTION
Extent 979
650 ## - SUBJECT ADDED ENTRY--TOPICAL TERM
Topical term or geographic name entry element MEDICAL. SURGICAL

No items available.